[Event "Detroit (HPO/1/6)"]
[Site "?"]
[Date "1991.??.??"]
[Round "?"]
[White "Thomas, C."]
[Black "Vaka, Flamur"]
[Result "1-0"]
[WhiteElo "2130"]
[BlackElo "1655"]
[PlyCount "63"]
[EventDate "1991.??.??"]

{1/(6)} 1. e4 e5 2. Nf3 Nc6 3. Bb5 a6 4. Bxc6 dxc6 5. d4 exd4 6. Qxd4 Qxd4 7.
Nxd4 Bc5 8. Be3 Nf6 9. f3 Bd7 10. Nf5 Bxe3 11. Nxe3 O-O-O 12. Nc3 Rhe8 13.
O-O-O Nh5 14. Rhe1 Nf4 15. g3 Ng6 16. f4 h5 17. e5 Bh3 18. Rxd8+ Rxd8 19. Ne4
Rf8 20. Ng5 Bd7 21. Rd1 h4 22. Kd2 Rd8 23. Nxf7 Rf8 24. Ng5 hxg3 25. hxg3 Rh8
26. e6 Be8 27. Nf5 Rh2+ 28. Kc3 Nf8 29. Nxg7 Bg6 30. f5 Bh5 31. Nxh5 Rxh5 32.
e7 1-0

[Event "Detroit (HPO/5/5)"]
[Site "?"]
[Date "1991.??.??"]
[Round "?"]
[White "Thomas, C."]
[Black "Golonka, Stan"]
[Result "0-1"]
[WhiteElo "2130"]
[BlackElo "2050"]
[PlyCount "96"]
[EventDate "1991.??.??"]

{5/(5)} 1. e4 c5 2. Nf3 Nc6 3. Bb5 e6 4. O-O Nge7 5. Nc3 g6 6. d3 Bg7 7. Bf4 e5
8. Bg5 h6 9. Be3 Nd4 10. Bc4 O-O 11. Nd5 d6 12. c3 Ne6 13. Qd2 Kh7 14. h3 f5
15. Nxe7 Qxe7 16. exf5 gxf5 17. Qe2 Bd7 18. Bd5 Rab8 19. Rfe1 Nc7 20. Bb3 f4
21. Bd2 Bf5 22. Rad1 Qf6 23. Bc1 Rbe8 24. Kh2 Ne6 25. Bc2 Kh8 26. b3 Ng5 27.
Bb2 Re7 28. Nh4 Bh7 29. Qh5 Ref7 30. b4 c4 31. Rd2 cxd3 32. Bxd3 e4 33. Bc4 e3
34. Rd4 Re7 35. f3 Re5 36. Rd5 Rfe8 37. Bb5 Nf7 38. Qg4 Rxd5 39. Bxe8 Ne5 40.
Qc8 Bg8 41. Nf5 Qxf5 42. Qxf5 Nxf3+ 43. gxf3 Rxf5 44. Bg6 Rd5 45. Ba1 Rd2+ 46.
Kg1 Bxa2 47. h4 Bc4 48. h5 Bf6 0-1

[Event "East Lansing (MOR/4)"]
[Site "?"]
[Date "1991.??.??"]
[Round "?"]
[White "Tanner, S."]
[Black "Wolak, K."]
[Result "1-0"]
[WhiteElo "1645"]
[BlackElo "1605"]
[PlyCount "111"]
[EventDate "1991.??.??"]

1. e4 e6 2. d4 d5 3. Nd2 dxe4 4. Nxe4 Nf6 5. Bg5 Be7 6. Ng3 Qd5 7. Nf3 Ne4 8.
Bxe7 Nxg3 9. hxg3 Kxe7 10. Bd3 h6 11. Qd2 f6 12. c4 Qd6 13. Rc1 Nc6 14. c5 Qd5
15. Bc4 Qe4+ 16. Kf1 Nxd4 17. Qxd4 Qxd4 18. Nxd4 e5 19. Nb5 Bf5 20. f3 c6 21.
Nc3 Be6 22. Bxe6 Kxe6 23. Kf2 b5 24. b4 a5 25. a3 Rhd8 26. Rhd1 a4 27. Ne4 Rd7
28. Rxd7 Kxd7 29. Rd1+ Kc7 30. g4 Rd8 31. Rxd8 Kxd8 32. Ng3 g6 33. Ke3 Ke7 34.
Ne4 Ke6 35. Nd6 f5 36. gxf5+ gxf5 37. g4 fxg4 38. fxg4 Kf6 39. Nf5 h5 40. gxh5
Kxf5 41. h6 Kg6 42. h7 Kxh7 43. Ke4 Kg7 44. Kxe5 Kf7 45. Kd6 Kf6 46. Kxc6 Ke5
47. Kxb5 Kd5 48. Kxa4 Kc6 49. Ka5 Kb7 50. b5 Ka7 51. c6 Kb8 52. Ka6 Ka8 53. a4
Kb8 54. c7+ Kxc7 55. Ka7 Kc8 56. b6 1-0

[Event "East Lansing (MOR/6)"]
[Site "?"]
[Date "1991.??.??"]
[Round "?"]
[White "Tanner, S."]
[Black "Nimylowych, W."]
[Result "0-1"]
[WhiteElo "1645"]
[BlackElo "1705"]
[PlyCount "70"]
[EventDate "1991.??.??"]

1. e4 c5 2. Nf3 a6 3. d4 e6 4. d5 d6 5. Be2 e5 6. O-O Nd7 7. a3 Ngf6 8. Nbd2
Be7 9. b4 O-O 10. c4 b6 11. Bd3 Nh5 12. Nb3 Rb8 13. bxc5 Nxc5 14. Nxc5 bxc5 15.
Nxe5 dxe5 16. Qxh5 Rb3 17. Qe2 Rb6 18. Bd2 Rb7 19. Rab1 Rxb1 20. Rxb1 Bg5 21.
Bc3 Qd6 22. Qb2 Re8 23. Bc2 Bd7 24. Qb6 Qe7 25. Qxa6 f5 26. exf5 e4 27. Ba4 e3
28. f3 Bxa4 29. Qxa4 e2 30. Qa5 Qe3+ 31. Kh1 Qd3 32. Qb5 Re7 33. Qb3 Bh4 34.
Qb8+ Kf7 35. h3 Qxc3 0-1

[Event "East Lansing (MOR/1)"]
[Site "?"]
[Date "1991.??.??"]
[Round "?"]
[White "Tanner, S."]
[Black "Demers, J."]
[Result "1-0"]
[WhiteElo "1645"]
[BlackElo "1605"]
[PlyCount "69"]
[EventDate "1991.??.??"]

1. e4 e5 2. Nf3 Nc6 3. Nc3 Nf6 4. Bb5 a6 5. Bxc6 bxc6 6. Nxe5 Qe7 7. f4 d6 8.
Nxc6 Qd7 9. Nd4 Bb7 10. d3 Qe7 11. Be3 g6 12. Qd2 Bg7 13. h3 O-O 14. O-O-O c5
15. Nf3 Nd7 16. g4 h6 17. Rhe1 Nb6 18. d4 Bxe4 19. Nxe4 Qxe4 20. Qf2 Rfc8 21.
dxc5 Nc4 22. Bd4 Rab8 23. Bxg7 Kxg7 24. b3 Qxf4+ 25. Kb1 Na3+ 26. Kb2 Qf6+ 27.
Qd4 Qxd4+ 28. Rxd4 Nb5 29. Ra4 Rxc5 30. Rxa6 Rc3 31. Rf1 Rbc8 32. Rf2 d5 33. a4
Nd6 34. Rxd6 Re8 35. Kxc3 1-0

[Event "Flint (MI Senior/3)"]
[Site "?"]
[Date "1991.??.??"]
[Round "?"]
[White "Swartz, J."]
[Black "Shields, B."]
[Result "0-1"]
[WhiteElo "1690"]
[BlackElo "1605"]
[PlyCount "104"]
[EventDate "1991.??.??"]

1. Nf3 d5 2. d4 e6 3. c4 c6 4. Nc3 Bd6 5. e4 dxe4 6. Nxe4 Bb4+ 7. Bd2 Na6 8.
Ne5 Qxd4 9. Bxb4 Qxe4+ 10. Qe2 Qxe2+ 11. Bxe2 Nxb4 12. O-O Nf6 13. a3 Nc2 14.
Rac1 Nd4 15. Bd1 Ne4 16. f3 Nc5 17. b4 Nd7 18. Nd3 O-O 19. f4 Nf6 20. Re1 Rd8
21. Re3 Nf5 22. Rh3 Rd4 23. g4 Nd6 24. c5 Nb5 25. a4 Na3 26. Nf2 Rxb4 27. Rxa3
Rxf4 28. Rd3 Bd7 29. g5 Nd5 30. Ng4 Rf5 31. h4 Rd8 32. Rb1 Bc8 33. Ne3 Rf4 34.
h5 Re4 35. Ng2 Re8 36. h6 Nf4 37. Nxf4 Rxf4 38. hxg7 e5 39. Rb2 Rf5 40. Rg3 e4
41. Rbg2 Rxc5 42. g6 hxg6 43. Bb3 Kxg7 44. Rf2 Be6 45. Bd1 Bd5 46. Re3 Re5 47.
Kh2 Be6 48. Rg2 a5 49. Bc2 Rc4 50. Bb3 Rd4 51. Bc2 b5 52. axb5 cxb5 0-1

[Event "Flint (MI Senior/4)"]
[Site "?"]
[Date "1991.??.??"]
[Round "?"]
[White "Swartz, J."]
[Black "Moore, H."]
[Result "1-0"]
[WhiteElo "1690"]
[BlackElo "1605"]
[PlyCount "97"]
[EventDate "1991.??.??"]

1. d4 g6 2. e4 Bg7 3. Nf3 d6 4. Nc3 Nd7 5. Bd3 e5 6. d5 Ngf6 7. Bb5 O-O 8. O-O
a6 9. Bc4 c6 10. Bg5 Qc7 11. dxc6 Qxc6 12. Bd5 Qc7 13. Qd2 Nc5 14. Bh6 Bg4 15.
Bxg7 Kxg7 16. Ng5 Nxd5 17. Nxd5 Qd8 18. f3 Be6 19. Nxe6+ Nxe6 20. Qb4 b5 21.
Rad1 Nd4 22. Rf2 Rc8 23. Qa3 a5 24. Qd3 b4 25. f4 Ne6 26. fxe5 dxe5 27. Nf6
Qxd3 28. cxd3 Nf4 29. Nd7 Rfe8 30. Nb6 Rcd8 31. Rfd2 Ne6 32. Nc4 a4 33. Nxe5
Nd4 34. Nf3 b3 35. Nxd4 Rxd4 36. axb3 axb3 37. Kf2 Rc8 38. Ke3 Rd6 39. d4 Rc2
40. Rxc2 bxc2 41. Rc1 Rc6 42. Kd3 Kf6 43. Rxc2 Rxc2 44. Kxc2 Ke7 45. Kc3 f5 46.
e5 f4 47. Kd3 g5 48. Ke4 h5 49. b4 1-0

[Event "East Lansing (MOR/5)"]
[Site "?"]
[Date "1991.??.??"]
[Round "?"]
[White "Sutton, T."]
[Black "Stark, Jay"]
[Result "1/2-1/2"]
[WhiteElo "1780"]
[BlackElo "1605"]
[PlyCount "31"]
[EventDate "1991.??.??"]

1. e4 c5 2. Nf3 Nc6 3. d4 cxd4 4. Nxd4 a6 5. Be2 e6 6. Be3 Nf6 7. Nc3 Qc7 8.
O-O b5 9. f4 d6 10. f5 Be7 11. fxe6 fxe6 12. Nxc6 Qxc6 13. Bf3 e5 14. Qe1 Be6
15. Rd1 O-O-O 16. Qg3 1/2-1/2

[Event "East Lansing (MOR/6)"]
[Site "?"]
[Date "1991.??.??"]
[Round "?"]
[White "Sutton, T."]
[Black "Schmiege, G."]
[Result "0-1"]
[WhiteElo "1780"]
[BlackElo "1605"]
[PlyCount "84"]
[EventDate "1991.??.??"]

1. e4 c5 2. Nf3 d6 3. d4 cxd4 4. Nxd4 Nf6 5. Nc3 e6 6. Bc4 Be7 7. Bb3 O-O 8.
O-O a6 9. f4 b5 10. a3 Qb6 11. Be3 e5 12. Nf5 Qc7 13. Nxe7+ Qxe7 14. Qd3 Bb7
15. Rad1 Rd8 16. Nd5 Nxd5 17. Bxd5 Nc6 18. Qb3 Na5 19. Qa2 Bxd5 20. Qxd5 Nc4
21. Bc1 Rac8 22. Rf2 Qa7 23. Rdf1 Rd7 24. Kh1 Rc5 25. Qd3 d5 26. fxe5 Nxe5 27.
Qg3 Qc7 28. b4 Rc3 29. Qg5 Ng6 30. exd5 Rxc2 31. Rxc2 Qxc2 32. h4 Qd3 33. h5
Qxf1+ 34. Kh2 f6 35. Qd2 Qf4+ 36. Qxf4 Nxf4 37. Bxf4 Rxd5 38. g4 Rd3 39. Bc1 h6
40. Kg2 Kf7 41. Kf2 Ke6 42. Kg2 Kd5 0-1

[Event "East Lansing (MOR/3)"]
[Site "?"]
[Date "1991.??.??"]
[Round "?"]
[White "Sutton, T."]
[Black "Deese, C."]
[Result "0-1"]
[WhiteElo "1780"]
[BlackElo "1635"]
[PlyCount "106"]
[EventDate "1991.??.??"]

1. e4 c5 2. Nf3 d6 3. d4 cxd4 4. Nxd4 Nf6 5. Nc3 e6 6. Bg5 Be7 7. Qd2 h6 8.
Bxf6 Bxf6 9. f4 a6 10. O-O-O O-O 11. Kb1 Qc7 12. g4 Rd8 13. g5 hxg5 14. fxg5
Bxd4 15. Qxd4 Nc6 16. Qf2 Ne5 17. Be2 b5 18. a3 Rb8 19. h4 b4 20. axb4 Rxb4 21.
Kc1 Qb6 22. Qxb6 Rxb6 23. h5 Bd7 24. h6 g6 25. Rd2 Bb5 26. Nxb5 axb5 27. Rhd1
Nc4 28. Bxc4 bxc4 29. Rd4 Rc6 30. c3 Rd7 31. R4d2 Kh7 32. Rd4 f6 33. gxf6 Kxh6
34. Rf1 Rf7 35. Rfd1 Rxf6 36. Rxd6 Rc5 37. Re1 g5 38. e5 Rg6 39. Rd4 g4 40.
Ree4 Kh5 41. Rxc4 Rxc4 42. Rxc4 g3 43. Rd4 g2 44. Rd1 g1=Q 45. Rxg1 Rxg1+ 46.
Kc2 Re1 47. Kd3 Rxe5 48. Kd4 Rd5+ 49. Kc4 Kg5 50. b4 Rd8 51. b5 e5 52. b6 e4
53. b7 e3 0-1

[Event "East Lansing (MOR/4)"]
[Site "?"]
[Date "1991.??.??"]
[Round "?"]
[White "Sundeen, David"]
[Black "Fletcher, G."]
[Result "1-0"]
[WhiteElo "1695"]
[BlackElo "1605"]
[PlyCount "107"]
[EventDate "1991.??.??"]

1. e4 e5 2. f4 Bc5 3. Nf3 d6 4. Bc4 Bg4 5. fxe5 Nc6 6. Rf1 Qe7 7. d3 Nxe5 8.
Nbd2 O-O-O 9. c3 d5 10. d4 Nxf3+ 11. gxf3 Bh3 12. Rf2 Bb6 13. Bf1 Bf5 14. Qe2
dxe4 15. fxe4 Bg6 16. e5 c5 17. Nf3 cxd4 18. cxd4 Bxd4 19. Nxd4 Rxd4 20. Bd2
Re4 21. Be3 Qxe5 22. Rc1+ Kd8 23. Qd3+ Ke7 24. Qa3+ Ke6 25. Qb3+ Qd5 26. Bc4
Rxc4 27. Qxc4 Ne7 28. Qxd5+ Nxd5 29. Bd4 f6 30. a3 b6 31. Rd2 Kd6 32. Kf2 Re8
33. Be3 Rxe3 34. Rxd5+ Kxd5 35. Kxe3 Kd6 36. Rc8 Bf5 37. Ra8 a5 38. Ra6 Kc6 39.
Ra7 Bd7 40. Ra8 Kd6 41. Rh8 Bf5 42. Rg8 g6 43. Rf8 Kc5 44. Rxf6 b5 45. Rf7 h5
46. Rc7+ Kb6 47. Rc1 b4 48. Kd4 b3 49. h4 Kb5 50. Rc5+ Ka4 51. Ke5 Bc2 52. Kd6
Bd3 53. Kc6 g5 54. Kb6 1-0

[Event "East Lansing (MOR/6)"]
[Site "?"]
[Date "1991.??.??"]
[Round "?"]
[White "Sundeen, David"]
[Black "Endres, John"]
[Result "1/2-1/2"]
[WhiteElo "1695"]
[BlackElo "1605"]
[PlyCount "93"]
[EventDate "1991.??.??"]

1. e4 e5 2. f4 Nc6 3. Nf3 Nf6 4. Nc3 d5 5. exd5 Nxd5 6. Nxd5 Qxd5 7. Nxe5 Nxe5
8. fxe5 Qxe5+ 9. Qe2 Qxe2+ 10. Bxe2 Bc5 11. c3 O-O 12. d4 Re8 13. Kf2 Bb6 14.
Be3 Be6 15. Bf3 c6 16. a3 Rad8 17. Rhe1 Bd5 18. Bxd5 Rxd5 19. Bf4 Kf8 20. Rxe8+
Kxe8 21. Re1+ Kd7 22. Re5 Rxe5 23. Bxe5 f6 24. Bf4 Bc7 25. Bxc7 Kxc7 26. Ke3
Kd6 27. c4 b6 28. g4 a6 29. Ke4 g6 30. h4 b5 31. b3 Ke6 32. a4 bxc4 33. bxc4 a5
34. h5 gxh5 35. gxh5 f5+ 36. Kf4 h6 37. d5+ cxd5 38. cxd5+ Kxd5 39. Kxf5 Kd6
40. Kf6 Kd5 41. Kg6 Ke6 42. Kxh6 Kf7 43. Kg5 Kg7 44. Kf5 Kh6 45. Ke5 Kxh5 46.
Kd5 Kg6 47. Kc5 1/2-1/2

[Event "East Lansing (MOR/2)"]
[Site "?"]
[Date "1991.??.??"]
[Round "?"]
[White "Sundeen, David"]
[Black "Burke, David"]
[Result "1/2-1/2"]
[WhiteElo "1695"]
[BlackElo "1605"]
[PlyCount "107"]
[EventDate "1991.??.??"]

1. e4 e6 2. d4 d5 3. Nd2 c5 4. exd5 exd5 5. Bb5+ Bd7 6. Qe2+ Qe7 7. Qxe7+ Bxe7
8. Bxd7+ Nxd7 9. dxc5 Nxc5 10. Ngf3 Nf6 11. O-O O-O 12. Nd4 Rac8 13. c3 Nd3 14.
N2f3 Bc5 15. Rd1 Nxc1 16. Raxc1 Rc7 17. Re1 Ne4 18. Rcd1 g6 19. c4 Bb4 20. Re2
Rxc4 21. Ne5 Rcc8 22. Nb3 Rfd8 23. Nd3 Bc5 24. Nbxc5 Nxc5 25. Nxc5 Rxc5 26. Re7
Rb5 27. Rd2 d4 28. Kf1 d3 29. Ke1 Kf8 30. Rc7 Rb6 31. Kd1 Ke8 32. b3 Rc6 33.
Rxb7 Rc3 34. Rxa7 Rdc8 35. Rb2 Rc2 36. Rxc2 Rxc2 37. b4 Rb2 38. a3 Rxf2 39. b5
Kd8 40. a4 Kc8 41. a5 Rxg2 42. a6 Kb8 43. Rxf7 Rb2 44. Rb7+ Ka8 45. b6 Ra2 46.
Rxh7 Rxa6 47. b7+ Kb8 48. Kd2 Rd6 49. h4 Ka7 50. h5 gxh5 51. Rxh5 Kxb7 52. Rh3
Kc6 53. Rxd3 Rxd3+ 54. Kxd3 1/2-1/2

[Event "East Lansing (MOR/3)"]
[Site "?"]
[Date "1991.??.??"]
[Round "?"]
[White "Sujarit, P."]
[Black "Rostrom, Richard"]
[Result "1-0"]
[WhiteElo "1605"]
[BlackElo "1690"]
[PlyCount "109"]
[EventDate "1991.??.??"]

1. d4 Nf6 2. e3 e6 3. Bd3 d5 4. f4 c5 5. c3 Nc6 6. Nf3 cxd4 7. exd4 Be7 8. O-O
O-O 9. Ne5 Ne4 10. Nd2 Nd6 11. Ndf3 f6 12. Ng6 Ne4 13. Nxf8 Qxf8 14. Qe2 f5 15.
Ne5 Nxe5 16. fxe5 Bd7 17. Be3 Qd8 18. a4 Bg5 19. Bxe4 fxe4 20. Bxg5 Qxg5 21. b4
Be8 22. h3 Rc8 23. Qf2 Bg6 24. Qf4 Qe7 25. Rac1 a6 26. Qe3 Be8 27. a5 Bb5 28.
Rf2 Bd3 29. g3 Qe8 30. g4 Qg6 31. Kh2 Qe8 32. h4 Qe7 33. Kg3 Rf8 34. Rxf8+ Qxf8
35. Rd1 Bc4 36. h5 Qe8 37. h6 Qg6 38. Rh1 Bd3 39. hxg7 Qf7 40. Rh6 Qf3+ 41.
Qxf3 exf3 42. Kxf3 Bg6 43. Rxg6 hxg6 44. g5 Kxg7 45. Ke3 Kf7 46. Kd3 Ke7 47. c4
Kd7 48. b5 axb5 49. cxb5 Kc7 50. Kc3 b6 51. axb6+ Kb7 52. Kb3 Kxb6 53. Kb4 Kb7
54. Kc5 Kc7 55. b6+ 1-0

[Event "East Lansing (MOR/4)"]
[Site "?"]
[Date "1991.??.??"]
[Round "?"]
[White "Sujarit, P."]
[Black "Imai, Toshio"]
[Result "0-1"]
[WhiteElo "1605"]
[BlackElo "1720"]
[PlyCount "52"]
[EventDate "1991.??.??"]

1. d4 Nf6 2. e3 e6 3. Nd2 c5 4. c3 d5 5. Bd3 Nbd7 6. f4 cxd4 7. exd4 Bd6 8.
Ndf3 Ne4 9. Qe2 f5 10. Be3 Ndf6 11. Ne5 Bxe5 12. fxe5 Ng4 13. Nf3 Nxe3 14. Qxe3
Qb6 15. Rb1 O-O 16. g3 Bd7 17. O-O Bb5 18. Bxb5 Qxb5 19. Ng5 Qa6 20. Nxe4 fxe4
21. Rxf8+ Rxf8 22. a3 Rf3 23. Qg5 Qd3 24. Ra1 Qc2 25. Qd8+ Rf8 26. Rf1 Rxd8 0-1

[Event "East Lansing (MOR/1)"]
[Site "?"]
[Date "1991.??.??"]
[Round "?"]
[White "Sujarit, P."]
[Black "Collins, Charles"]
[Result "1-0"]
[WhiteElo "1605"]
[BlackElo "1765"]
[PlyCount "79"]
[EventDate "1991.??.??"]

1. d4 Nf6 2. e3 g6 3. Bd3 Bg7 4. Nd2 d6 5. f4 Na6 6. c3 O-O 7. h3 b6 8. Ngf3 c5
9. Qe2 Nc7 10. e4 Nh5 11. Qe3 e6 12. Nf1 Bb7 13. g4 Nf6 14. Ng3 Nd7 15. h4 f5
16. g5 fxe4 17. Bxe4 Nd5 18. Bxd5 Bxd5 19. O-O h5 20. b3 e5 21. fxe5 cxd4 22.
cxd4 Rxf3 23. Rxf3 Bxf3 24. Qxf3 dxe5 25. Bb2 Rc8 26. Qd5+ Kh7 27. Ba3 exd4 28.
Rf1 Ne5 29. Qe4 d3 30. Nxh5 d2 31. Rd1 Bh8 32. Ng3 Nc6 33. Nf1 Bd4+ 34. Kg2 Qd7
35. Rxd2 Re8 36. Qf4 Qd5+ 37. Kg3 Qe6 38. Kg2 Be5 39. Qf3 Nd4 40. Qb7+ 1-0

[Event "East Lansing (MOR/7)"]
[Site "?"]
[Date "1991.??.??"]
[Round "?"]
[White "Sujarit, P."]
[Black "Baker, T."]
[Result "0-1"]
[WhiteElo "1605"]
[BlackElo "1605"]
[PlyCount "94"]
[EventDate "1991.??.??"]

1. d4 Nf6 2. e3 e6 3. Nd2 b6 4. Bd3 Be7 5. f4 Bb7 6. Ngf3 O-O 7. O-O d6 8. e4
c5 9. c3 Qc7 10. e5 Nd5 11. Bxh7+ Kxh7 12. Ng5+ Bxg5 13. fxg5 g6 14. Ne4 dxe5
15. Qg4 Kg7 16. Rf3 Nd7 17. Bd2 Ba6 18. b3 Be2 19. Rxf7+ Kxf7 20. Qxe2 Kg7 21.
dxc5 bxc5 22. c4 N5b6 23. g3 Nc8 24. Bc3 Ne7 25. Qg4 Nf5 26. Re1 Rae8 27. Nd2
Nd4 28. Qh3 Rh8 29. Qg2 Ref8 30. Qe4 Rf5 31. h4 Rhf8 32. Rf1 Qc6 33. Qxc6 Nxc6
34. Kg2 Nd4 35. Rxf5 exf5 36. Nf1 f4 37. b4 Ne6 38. Nd2 Kf7 39. Nf3 e4 40. Ne5+
Nxe5 41. Bxe5 e3 42. gxf4 Nd4 43. b5 Rd8 44. a4 Nc2 45. a5 e2 46. b6 e1=Q 47.
b7 Qe4+ 0-1

[Event "Detroit (HPO/2/36)"]
[Site "?"]
[Date "1991.??.??"]
[Round "?"]
[White "Sturgis, Derreck"]
[Black "Walker, LeRoy"]
[Result "0-1"]
[WhiteElo "1605"]
[BlackElo "1605"]
[PlyCount "66"]
[EventDate "1991.??.??"]

{2/(36)} 1. Nf3 c6 2. e4 Qc7 3. d4 d6 4. Nc3 Bg4 5. h3 Bxf3 6. gxf3 Nf6 7. Rg1
Nbd7 8. f4 O-O-O 9. d5 cxd5 10. exd5 g6 11. h4 Bg7 12. Qd4 Qc5 13. Qxc5+ Nxc5
14. Be3 a6 15. Bh3+ Nfd7 16. Bxd7+ Rxd7 17. b4 Bxc3+ 18. Kd1 Bxa1 19. bxc5 dxc5
20. Bxc5 Rxd5+ 21. Kc1 Rxc5 22. Re1 e6 23. Kb1 Bg7 24. Rg1 Rd8 25. Kc1 Bc3 26.
Rg3 Bd2+ 27. Kd1 Bxf4+ 28. Ke1 Bxg3 29. fxg3 Rxc2 30. g4 Rdd2 31. g5 Rh2 32.
Kd1 Rxa2 33. h5 Ra1# 0-1

[Event "Detroit (HPO/5/37)"]
[Site "?"]
[Date "1991.??.??"]
[Round "?"]
[White "Sturgis, Derreck"]
[Black "Ruelas, Erik"]
[Result "0-1"]
[WhiteElo "1605"]
[BlackElo "1605"]
[PlyCount "58"]
[EventDate "1991.??.??"]

{5/(37)} 1. e4 e5 2. d4 f6 3. Nf3 d6 4. c3 Ne7 5. Bb5+ Bd7 6. Bxd7+ Qxd7 7. O-O
Nbc6 8. Nbd2 O-O-O 9. dxe5 fxe5 10. c4 g6 11. Qa4 Bg7 12. Ng5 Nd4 13. Qb3 Nxb3
14. axb3 Rdf8 15. Ra4 a6 16. Ndf3 Bh6 17. h4 Qg4 18. b4 Bxg5 19. Nxg5 Qxh4 20.
Nf3 Qg4 21. Nh2 Qxe4 22. Bh6 Rf7 23. b5 Kd7 24. bxa6 bxa6 25. b4 Qxc4 26. Bg5
Nf5 27. Rfa1 Qd4 28. Rb1 Ng3 29. Rxa6 Qxf2# 0-1

[Event "Detroit (HPO/2/27)"]
[Site "?"]
[Date "1991.??.??"]
[Round "?"]
[White "Sturgis, Derreck"]
[Black "McCarter, Robert"]
[Result "1-0"]
[WhiteElo "1605"]
[BlackElo "1725"]
[PlyCount "113"]
[EventDate "1991.??.??"]

{2/(27)} 1. e4 c5 2. Nf3 Nc6 3. d4 cxd4 4. Nxd4 e5 5. Nb5 a6 6. Nd6+ Bxd6 7.
Qxd6 Qf6 8. Qd1 Qg6 9. Qf3 Nb4 10. Na3 d5 11. Bd3 Nxd3+ 12. cxd3 d4 13. O-O Bg4
14. Qg3 f6 15. f3 Be6 16. Qxg6+ hxg6 17. f4 Ne7 18. fxe5 fxe5 19. Bg5 Kd7 20.
Bxe7 Kxe7 21. Nc4 Bxc4 22. dxc4 Rh4 23. Rae1 Rd8 24. Rf2 d3 25. Rd2 Rd4 26. b3
Rhxe4 27. Rxe4 Rxe4 28. Rxd3 Rd4 29. Rxd4 exd4 30. Kf1 Kd6 31. Ke2 Kc5 32. Kd3
g5 33. Ke4 a5 34. h3 g6 35. g3 b6 36. Kd3 b5 37. g4 bxc4+ 38. bxc4 a4 39. a3
Kb6 40. Kxd4 Kc6 41. c5 Kc7 42. Kd5 Kd7 43. c6+ Kc8 44. Ke6 Kc7 45. Kd5 Kc8 46.
Kd6 Kd8 47. Kc5 Kc7 48. Kb5 Kc8 49. Kxa4 Kc7 50. Kb5 Kc8 51. Kb6 Kb8 52. a4 Kc8
53. a5 Kb8 54. c7+ Kc8 55. a6 Kd7 56. Kb7 Kd6 57. c8=Q 1-0

[Event "Detroit (HPO/4/33)"]
[Site "?"]
[Date "1991.??.??"]
[Round "?"]
[White "Sturgis, Derreck"]
[Black "Lester, T."]
[Result "0-1"]
[WhiteElo "1605"]
[BlackElo "1605"]
[PlyCount "90"]
[EventDate "1991.??.??"]

{4/(33)} 1. d4 c5 2. d5 b6 3. c4 Bb7 4. e4 Qc7 5. f4 e6 6. Nc3 Be7 7. Nb5 Qc8
8. e5 a6 9. Nc3 d6 10. exd6 Bxd6 11. dxe6 Qxe6+ 12. Qe2 Qxe2+ 13. Ngxe2 Nf6 14.
h3 O-O 15. Bd2 Be4 16. O-O-O Nc6 17. Ng3 Bg6 18. Be1 Bxf4+ 19. Bd2 Bxg3 20. Be1
Bxe1 21. Rxe1 Nb4 22. Rd1 Rad8 23. Be2 Ne4 24. Rxd8 Rxd8 25. Rd1 Rxd1+ 26. Bxd1
Nxc3 27. bxc3 Nd3+ 28. Kd2 Ne5 29. Be2 Bb1 30. a3 Ba2 31. Ke3 Nxc4+ 32. Bxc4
Bxc4 33. Kf4 f6 34. Kf5 Kf7 35. Ke4 Bf1 36. Kd5 Bxg2+ 37. Kd6 Bxh3 38. Kd5 Bg2+
39. Kd6 h5 40. Kc7 h4 41. Kxb6 h3 42. Kxc5 h2 43. Kb6 h1=Q 44. c4 Bb7 45. a4
Qc6+ 0-1

[Event "Detroit (HPO/5/31)"]
[Site "?"]
[Date "1991.??.??"]
[Round "?"]
[White "Sturgis, Derreck"]
[Black "Burke, Tim"]
[Result "0-1"]
[WhiteElo "1605"]
[BlackElo "1730"]
[PlyCount "56"]
[EventDate "1991.??.??"]

{5/(31)} 1. e4 c5 2. Nf3 d6 3. d4 cxd4 4. Nxd4 Nf6 5. Nc3 g6 6. Bc4 Bg7 7. O-O
Nc6 8. Nde2 O-O 9. f4 Na5 10. Bd3 Qb6+ 11. Kh1 Ng4 12. Qe1 Nc6 13. h3 Nf6 14.
g4 Bd7 15. f5 Ne5 16. fxg6 fxg6 17. b3 Bc6 18. Bg5 Qa5 19. Qc1 Nfxg4 20. hxg4
Rxf1+ 21. Qxf1 Nxd3 22. cxd3 Qxg5 23. Qg1 Qh4+ 24. Kg2 Qxg4+ 25. Kf2 Rf8+ 26.
Ke1 Bxc3+ 27. Kd1 Qxg1+ 28. Nxg1 Bxa1 0-1

[Event "Detroit (HPO/4/38)"]
[Site "?"]
[Date "1991.??.??"]
[Round "?"]
[White "Sturgis, Derreck"]
[Black "Ashman, Brad"]
[Result "0-1"]
[WhiteElo "1605"]
[BlackElo "1605"]
[PlyCount "68"]
[EventDate "1991.??.??"]

{4/(38)} 1. e4 e5 2. Nf3 Nf6 3. Nc3 Nc6 4. d3 Bb4 5. Bd2 d6 6. g3 Bg4 7. a3 Bc5
8. Be2 Nh5 9. Bg5 f6 10. Be3 Bxe3 11. fxe3 f5 12. exf5 Bxf5 13. h3 Nxg3 14. Rg1
Nxe2 15. Nxe2 O-O 16. Ng5 Bd7 17. c3 h6 18. Qb3+ Kh8 19. Ne4 Qh4+ 20. Kd1 Bxh3
21. d4 Qxe4 22. Qxb7 Ne7 23. Qxe4 Bf5 24. Qh4 Ng6 25. Qg3 Rf6 26. dxe5 dxe5 27.
Qg2 Rd8+ 28. Kc1 Rfd6 29. a4 R8d7 30. Qa8+ Kh7 31. Qg2 Nh4 32. Qh2 Nf3 33. Qh5
Be4 34. Rg4 Rd1# 0-1

[Event "Detroit (HPO/4/3)"]
[Site "?"]
[Date "1991.??.??"]
[Round "?"]
[White "Stone, Ray"]
[Black "Owens, James"]
[Result "1-0"]
[WhiteElo "2420"]
[BlackElo "2120"]
[PlyCount "75"]
[EventDate "1991.??.??"]

{4/(3)} 1. d4 Nf6 2. c4 g6 3. Nc3 Bg7 4. e4 d6 5. Nf3 O-O 6. Be2 e5 7. O-O Nc6
8. d5 Ne7 9. Ne1 Nd7 10. Nd3 f5 11. Bd2 Nf6 12. f3 f4 13. c5 g5 14. cxd6 cxd6
15. Nf2 Rf7 16. Qc2 Bf8 17. Nb5 Ne8 18. Rfc1 Bd7 19. a4 a6 20. Na3 h5 21. Nc4
Nc8 22. Na5 Rb8 23. b4 Rg7 24. h3 Qf6 25. Rab1 Na7 26. Nc4 b5 27. Na5 bxa4 28.
Nc6 Rc8 29. Bxa6 Nxc6 30. dxc6 Rxc6 31. Qa2+ Be6 32. Qxa4 Rxc1+ 33. Rxc1 g4 34.
hxg4 hxg4 35. Qxe8 Bd7 36. Nxg4 Qh4 37. Bc4+ Kh7 38. Qxf8 1-0

[Event "Detroit (HPO/2/3)"]
[Site "?"]
[Date "1991.??.??"]
[Round "?"]
[White "Stone, Ray"]
[Black "Ghiata, Gheorghe"]
[Result "1-0"]
[WhiteElo "2420"]
[BlackElo "1920"]
[PlyCount "55"]
[EventDate "1991.??.??"]

{2/(3)} 1. d4 d5 2. c4 e6 3. Nc3 Nf6 4. Bg5 Nbd7 5. e3 c6 6. Nf3 Qa5 7. Nd2 Bb4
8. Qc2 Ne4 9. Ndxe4 dxe4 10. Bh4 g5 11. Bg3 h5 12. h4 g4 13. Be2 f5 14. O-O-O
Bxc3 15. bxc3 Qa3+ 16. Kb1 Nb6 17. Qb3 Qxb3+ 18. axb3 Bd7 19. Kb2 O-O-O 20. Be5
Rhf8 21. Ra1 a6 22. c5 Nd5 23. Rxa6 Nc7 24. Ra7 Be8 25. Rha1 Bf7 26. R1a4 Nb5
27. Bxb5 cxb5 28. Rb4 1-0

[Event "Detroit (HPO/5/1)"]
[Site "?"]
[Date "1991.??.??"]
[Round "?"]
[White "Stone, Ray"]
[Black "Basin, Leonid"]
[Result "1/2-1/2"]
[WhiteElo "2420"]
[BlackElo "2465"]
[PlyCount "54"]
[EventDate "1991.??.??"]

{5/(1)} 1. d4 Nf6 2. c4 e6 3. Nf3 b6 4. g3 Bb4+ 5. Bd2 a5 6. Bg2 Ba6 7. b3 O-O
8. O-O c5 9. Bf4 cxd4 10. Nxd4 Ra7 11. a3 Be7 12. Nc3 d6 13. Ncb5 Bxb5 14. Nxb5
Rd7 15. Nc3 Na6 16. Qc2 Qb8 17. Rfc1 Rc8 18. Qb1 Qc7 19. Bf3 Qd8 20. Ra2 h6 21.
Ne4 Nxe4 22. Bxe4 Bg5 23. Bd2 d5 24. cxd5 Rxc1+ 25. Qxc1 Nc5 26. Bxg5 hxg5 27.
Qc2 Nxe4 1/2-1/2

[Event "East Lansing (MOR/7)"]
[Site "?"]
[Date "1991.??.??"]
[Round "?"]
[White "Stockman, David"]
[Black "Walker, Douglas"]
[Result "1/2-1/2"]
[WhiteElo "1740"]
[BlackElo "1605"]
[PlyCount "53"]
[EventDate "1991.??.??"]

1. d4 d5 2. Nf3 Nf6 3. e3 Bg4 4. c4 c6 5. Nbd2 Nbd7 6. cxd5 cxd5 7. Qb3 Qc7 8.
Bb5 a6 9. Bxd7+ Bxd7 10. Ne5 e6 11. O-O Bd6 12. f4 Ne4 13. Nxe4 dxe4 14. Bd2
O-O 15. Rac1 Bc6 16. Nxc6 bxc6 17. Qa4 Rfc8 18. Rc2 Qb6 19. Rfc1 Bf8 20. b3 Qb5
21. Rc4 Qh5 22. Rxc6 Qe2 23. Qc4 Qxd2 24. Rxc8 Qxe3+ 25. Kh1 Rxc8 26. Qxc8 Qxf4
27. Qc7 1/2-1/2

[Event "East Lansing (MOR/3)"]
[Site "?"]
[Date "1991.??.??"]
[Round "?"]
[White "Stockman, David"]
[Black "Shields, B."]
[Result "1-0"]
[WhiteElo "1740"]
[BlackElo "1605"]
[PlyCount "35"]
[EventDate "1991.??.??"]

1. d4 d5 2. Nf3 Nf6 3. e3 e6 4. Bd3 g6 5. Nbd2 c5 6. c3 c4 7. Bc2 Bg7 8. e4
dxe4 9. Nxe4 Nd5 10. Ba4+ Bd7 11. Nd6+ Ke7 12. Nxb7 Bxa4 13. Qxa4 Nb6 14. Qb4+
Kd7 15. Nxd8 Na6 16. Qb5+ Kc7 17. Bf4+ Kxd8 18. Qxa6 1-0